Normal view
MARC view
Entry Personal Name
001 - CONTROL NUMBER
- control field: 1239913
003 - CONTROL NUMBER IDENTIFIER
- control field: OSt
005 - DATE AND TIME OF LATEST TRANSACTION
- control field: 20260514122654.0
008 - FIXED-LENGTH DATA ELEMENTS
- fixed length control field: 260514|| aca||aabn | a|a d
040 ## - CATALOGING SOURCE
- Original cataloging agency: OSt
- Transcribing agency: OSt
100 ## - HEADING--PERSONAL NAME
- Personal name: Dr.Manisha Kumar
670 ## - SOURCE DATA FOUND
- Source citation: Work cat.: (OSt)1851606: Choudhary Dr.Abhimanyu 1239911, Effect of Timing of Cord Clamping on Haematological Parameters at 6-8 Weeks of Life in Healthy Term Neonates: An Observational Study.
